000 00292nam a22001337a 4500
008 170503b xxu||||| |||| 00| 0 eng d
020 _a9780262582582
041 _aeng
080 _a34
100 _a14
101 _aSHJ
245 _aTRUTH AND JUSTIFICATION
_cFULTNER, B
942 _2udc
_cBK
999 _c12487
_d12487